000 00907cam a2200265 a 4500
001 000008482
005 20200929161340.0
008 981007s1997 mx 001 p spa
020 _a9701805534
040 _aDO-SdBNP
_bspa
_cDLC
_dBNPHU
082 _aCo861.44
_bC657n
100 1 _aCobo Borda, Juan Gustavo
_d1948-
_922794
245 1 0 _aNo sabes con cuánto gusto te disfruto, impúdica /
_cJuan Gustavo Cobo Borda ; carta-prólogo, Álvaro Mutis.
260 _aMéxico, D.F. :
_bConsejo Nacional para la Cultura y las Artes,
_c1997.
300 _a64 p. ;
_c21 cm.
490 1 _aPráctica mortal
650 4 _aPoesía colombiana
_93742
650 4 _aLiteratura colombiana
_91244
650 4 _aPoesía amorosa
_99227
650 4 _aPoesía erótica
_922795
700 1 _aMutis, Álvaro,
_epról.
_922796
830 0 _aPráctica mortal.
_914623
910 _aCatalogación por copia / LC
049 _aBNGR
999 _c8253
_d8253